Statistiques concernant Mathématiciens les plus cités en classe prépa

Cliquez ici pour prendre le quiz!

Statistiques générales

  • Ce quiz a été pris 238 fois
  • Le résultat moyen est 14 sur 60

Statistiques - réponses

PrénomNomDatesNationalité% Correct
Carl FriedrichGauss1777-1855Allemagne
71%
Pythagorevers 500 av. J.-C.Grèce
71%
IsaacNewton1642-1727Royaume-Uni
70%
BlaisePascal1623-1662France
65%
LeonhardEuler1707-1783Suisse
62%
Thalèsvers 600 av. J.-C.Grèce
59%
RenéDescartes1596-1650France
58%
BernhardRiemann1826-1866Allemagne
48%
Augustin LouisCauchy1789-1857France
45%
Euclidevers 300 av. J.-C.Grèce
41%
Joseph-LouisLagrange1736-1813France
40%
DanielBernoulli1700-1782Suisse
36%
BrookTaylor1685-1731Royaume-Uni
36%
Pierre-Simonde Laplace1749-1827France
35%
Gottfried WilhelmLeibniz1646-1716Allemagne
33%
PafnoutiTchebychev1821-1894Russie
29%
KarlWeierstrass1815-1897Allemagne
28%
JosephFourier1768-1830France
26%
LaurentSchwartz1915-2002France
26%
BernardBolzano1781-1848Tchéquie
25%
Niels HenrikAbel1802-1829Norvège
24%
Hermann AmandusSchwarz1843-1921Allemagne
24%
Jeand'Alembert1717-1783France
23%
Siméon DenisPoisson1781-1840France
23%
DavidHilbert1862-1943Allemagne
22%
Henri-LéonLebesgue1875-1941France
22%
William HenryYoung1863-1942Royaume-Uni
22%
Irénée-JulesBienaymé1796-1878France
21%
AndreïMarkov1856-1922Russe
21%
ÉtienneBézout1730-1783France
18%
CamilleJordan1838-1922France
18%
MichelChasles1793-1880France
17%
William RowanHamilton1805-1865Irlande
17%
Abrahamde Moivre1667-1754France
15%
Carl Gustav JacobJacobi1804-1851Allemagne
14%
ThomasBayes1702-1761Royaume-Uni
13%
ChristiaanHuygens1629-1695Pays-Bas
13%
RudolfLipschitz1832-1903Allemagne
13%
ArthurCayley1821-1895Royaume-Uni
11%
Adrien-MarieLegendre1752-1833France
11%
Johann Peter GustavDirichlet1805-1859Allemagne
10%
GuidoFubini1879-1943Italie
10%
JosephBertrand1820-1902France
9%
HermannGrassmann1809-1877Allemagne
9%
FrigyesRiesz1880-1956Hongrie
9%
JohnWallis1616-1703Royaume-Uni
9%
GeorgeBoole1815-1864Royaume-Uni
8%
JacquesHadamard1865-1936France
8%
CharlesHermite1822-1901France
8%
ErhardSchmidt1876-1959Allemagne
8%
ErnestoCesàro1859-1906Italie
7%
Jørgen PedersenGram1850-1916Danemark
7%
GabrielCramer1704-1752Suisse
6%
Johann SamuelKœnig1712-1757Allemagne
6%
HermannMinkowski1864-1909Allemagne
6%
Alexandre-ThéophileVandermonde1735-1796France
6%
Augustusde Morgan1806-1871Royaume-Uni
4%
LeonidaTonelli1885-1946Italie
4%
JamesStirling1692-1770Royaume-Uni
3%
PierreVarignon1654-1722France
2%

Distribution des résultats

Percentile par nombre de réponses

% des personnes avec chaque résultat

Votre développement - résultats

Vous n’avez pas pris ce quiz